00387nam a2200145Ia 4500003000400000005001700004008004100021040001800062041000800080100004600088110001900134245004300153260002000196710002500216OSt20260318111559.0211028s2017 xx 000 0 und d cAIMIT LIBRARY aeng aRai, Shamanth T; Mohammed, Riyaz.g151824 aAravind Prabhu aMigration and development of sun ERP / aBangalorec2017 aJDA Software Pvt Ltd